000 00373nam a22001337a 4500
008 230629b xxu||||| |||| 00| 0 eng d
020 _a9211043999
082 _a338.9005
_bVAN 1993
245 _aThe Revolutions in the East and Their Implications for Developing Countries
260 _aNew York
_bUnited Nations
_c1993
300 _aX,374p
440 _n23
942 _2ddc
_cBK
999 _c3030
_d3030